Utah Jazz All-Decade Teams - Statistics

General Stats
  • This quiz has been taken 13 times
  • The average score is 15 of 25
Answer Stats
Decade Pos. Year(s) WS Player % Correct
2020s SG/PG 2020-2022 18.8 Donovan Mitchell
100%
2000s PG 2000-2003 41.7 John Stockton
100%
1990s PG 1990-1999 120.6 John Stockton
100%
1980s PG 1985-1989 45.4 John Stockton
100%
2000s PF 2000-2003 49.3 Karl Malone
100%
1990s PF 1990-1999 146.9 Karl Malone
100%
1980s PF 1986-1989 34.1 Karl Malone
100%
2020s C 2020-2022 33.7 Rudy Gobert
100%
2010s C 2014-2019 52.8 Rudy Gobert
100%
1980s SF 1980-1986 76.3 Adrian Dantley
67%
2010s PG 2010-2011 17.0 Deron Williams
67%
1980s C 1983-1989 28.2 Mark Eaton
67%
2000s SF/PF 2002-2009 57.7 Andrei Kirilenko
58%
2020s PF 2023-2026 20.1 Lauri Markkanen
58%
2020s PG 2020-2023 18.4 Mike Conley
58%
2010s SF 2011-2017 43.0 Gordon Hayward
50%
1990s SG 1994-1999 48.5 Jeff Hornacek
50%
1990s SF 1994-1999 23.2 Bryon Russell
42%
1980s SG 1981-1989 19.4 Darrell Griffith
25%
2010s PF/C 2011-2019 47.6 Derrick Favors
25%
2000s C/PF 2005-2009 39.2 Mehmet Okur
25%
2020s SF 2020-2022 15.4 Royce O'Neale
25%
2010s SG 2015-2018 12.6 Rodney Hood
8%
1990s PF/C 1995-1999 19.2 Adam Keefe
0%
2000s SF/SG 2003-2009 30.4 Matt Harpring
0%
No matching quizzes found
Score Distribution
Percent of People with Each Score
Percentile by Number Answered
Your Score History
You have not taken this quiz